[Event "DVM U10 2023"]
[Site "Magdeburg GER"]
[Date "2023.12.27"]
[Round "1"]
[White "Marx, Jakob"]
[Black "Süßdorf, Can"]
[Result "1-0"]
[Termination "normal"]
[Board "15.2"]
[WhiteElo "1459"]
[BlackElo "928"]
[WhiteClock "00:43:16"]
[BlackClock "00:34:58"]
[WhiteTeam "Hamburger SK 1830"]
[BlackTeam "SC Ramstein-Miesenbach"]
[PlyCount "63"]
[WhiteFideId "34642722"]
[EventCountry "GER"]
[EventRounds "7"]
[EventType "team-swiss"]
[EventDate "2023.12.27"]

1. e4 {[%clk 00:55:04]} {[%emt 00:00:05]} e5 {[%clk 00:54:56]} {[%emt
00:00:14]} 2. Bc4 {[%clk 00:54:58]} {[%emt 00:00:11]} Nf6 {[%clk 00:54:44]}
{[%emt 00:00:16]} 3. d4 {[%clk 00:54:16]} {[%emt 00:00:47]} d6 {[%clk
00:54:12]} {[%emt 00:00:38]} 4. dxe5 {[%clk 00:54:02]} {[%emt 00:00:20]} Nxe4
{[%clk 00:53:24]} {[%emt 00:00:52]} 5. Qd5 {[%clk 00:53:53]} {[%emt 00:00:14]}
Ng5 {[%clk 00:50:25]} {[%emt 00:03:04]} 6. Bxg5 {[%clk 00:52:45]} {[%emt
00:01:14]} Be6 {[%clk 00:48:33]} {[%emt 00:01:57]} 7. Bxd8 {[%clk 00:52:23]}
{[%emt 00:00:26]} Bxd5 {[%clk 00:48:13]} {[%emt 00:00:26]} 8. Bxd5 {[%clk
00:52:19]} {[%emt 00:00:09]} Kxd8 {[%clk 00:47:47]} {[%emt 00:00:31]} 9. Bxb7
{[%clk 00:52:14]} {[%emt 00:00:10]} dxe5 {[%clk 00:46:37]} {[%emt 00:01:15]}
10. Nc3 {[%clk 00:51:34]} {[%emt 00:00:44]} Bb4 {[%clk 00:46:27]} {[%emt
00:00:15]} 11. O-O-O+ {[%clk 00:51:27]} {[%emt 00:00:12]} Ke7 {[%clk 00:46:13]}
{[%emt 00:00:12]} 12. Nd5+ {[%clk 00:51:27]} {[%emt 00:00:12]} Kd7 {[%clk
00:45:26]} {[%emt 00:00:51]} 13. Nxb4+ {[%clk 00:51:16]} {[%emt 00:00:18]} Ke7
{[%clk 00:44:00]} {[%emt 00:01:30]} 14. Bxa8 {[%clk 00:50:39]} {[%emt
00:00:42]} Nd7 {[%clk 00:43:41]} {[%emt 00:00:24]} 15. Nd5+ {[%clk 00:49:12]}
{[%emt 00:01:32]} Ke6 {[%clk 00:43:33]} {[%emt 00:00:10]} 16. Nf3 {[%clk
00:48:50]} {[%emt 00:00:31]} Rxa8 {[%clk 00:43:20]} {[%emt 00:00:15]} 17. Nxc7+
{[%clk 00:48:50]} {[%emt 00:00:07]} Ke7 {[%clk 00:43:20]} {[%emt 00:00:04]} 18.
Nxa8 {[%clk 00:48:41]} {[%emt 00:00:15]} Nc5 {[%clk 00:43:11]} {[%emt
00:00:13]} 19. Nxe5 {[%clk 00:48:12]} {[%emt 00:00:34]} f6 {[%clk 00:41:12]}
{[%emt 00:02:04]} 20. Nc6+ {[%clk 00:47:23]} {[%emt 00:00:55]} Kf7 {[%clk
00:41:03]} {[%emt 00:00:14]} 21. b4 {[%clk 00:46:52]} {[%emt 00:00:36]} Ne4
{[%clk 00:40:49]} {[%emt 00:00:18]} 22. Rd7+ {[%clk 00:46:45]} {[%emt
00:00:13]} Ke6 {[%clk 00:40:49]} {[%emt 00:00:05]} 23. Re7+ {[%clk 00:46:22]}
{[%emt 00:00:29]} Kf5 {[%clk 00:40:43]} {[%emt 00:00:10]} 24. Nd4+ {[%clk
00:46:09]} {[%emt 00:00:18]} Kf4 {[%clk 00:40:27]} {[%emt 00:00:21]} 25. g3+
{[%clk 00:45:39]} {[%emt 00:00:35]} Kg5 {[%clk 00:40:01]} {[%emt 00:00:31]} 26.
Rxe4 {[%clk 00:45:21]} {[%emt 00:00:21]} f5 {[%clk 00:39:52]} {[%emt 00:00:13]}
27. Re7 {[%clk 00:45:07]} {[%emt 00:00:22]} Kh6 {[%clk 00:39:53]} {[%emt
00:00:04]} 28. Rhe1 {[%clk 00:44:56]} {[%emt 00:00:15]} a6 {[%clk 00:39:02]}
{[%emt 00:00:58]} 29. h4 {[%clk 00:44:34]} {[%emt 00:00:25]} g6 {[%clk
00:38:05]} {[%emt 00:01:04]} 30. f3 {[%clk 00:44:06]} {[%emt 00:00:32]} f4
{[%clk 00:35:25]} {[%emt 00:02:46]} 31. Ne6 {[%clk 00:43:34]} {[%emt 00:00:36]}
fxg3 {[%clk 00:34:58]} {[%emt 00:00:29]} 32. Ng5 {[%clk 00:43:16]} {[%emt
00:00:24]} 1-0

[Event "DVM U10 2023"]
[Site "Magdeburg GER"]
[Date "2023.12.27"]
[Round "1"]
[White "Stösel, Roman"]
[Black "Winklmann, Alexander"]
[Result "0-1"]
[Termination "normal"]
[Board "15.3"]
[WhiteElo "787"]
[BlackElo "917"]
[WhiteClock "00:19:15"]
[BlackClock "00:18:21"]
[WhiteTeam "SC Ramstein-Miesenbach"]
[BlackTeam "Hamburger SK 1830"]
[PlyCount "134"]
[EventCountry "GER"]
[EventRounds "7"]
[EventType "team-swiss"]
[EventDate "2023.12.27"]

1. e4 {[%clk 00:55:07]} {[%emt 00:00:02]} e5 {[%clk 00:54:59]} {[%emt
00:00:12]} 2. Nf3 {[%clk 00:55:05]} {[%emt 00:00:05]} Nc6 {[%clk 00:54:51]}
{[%emt 00:00:14]} 3. Bc4 {[%clk 00:55:02]} {[%emt 00:00:08]} Nf6 {[%clk
00:54:16]} {[%emt 00:00:40]} 4. Ng5 {[%clk 00:54:53]} {[%emt 00:00:08]} d5
{[%clk 00:53:49]} {[%emt 00:00:39]} 5. exd5 {[%clk 00:54:19]} {[%emt 00:00:25]}
Ne7 {[%clk 00:52:18]} {[%emt 00:01:48]} 6. d6 {[%clk 00:53:41]} {[%emt
00:00:44]} Qxd6 {[%clk 00:51:40]} {[%emt 00:00:39]} 7. Nxf7 {[%clk 00:53:07]}
{[%emt 00:00:36]} Qc5 {[%clk 00:51:10]} {[%emt 00:00:41]} 8. Nxh8 {[%emt
00:00:35]} Qxc4 {[%emt 00:00:28]} 9. d3 {[%clk 00:51:25]} {[%emt 00:00:42]} Qd5
{[%clk 00:50:29]} {[%emt 00:00:48]} 10. Qf3 {[%clk 00:49:57]} {[%emt 00:01:27]}
Qxf3 {[%clk 00:49:51]} {[%emt 00:00:49]} 11. gxf3 {[%emt 00:00:17]} Be6 {[%emt
00:00:24]} 12. Bg5 {[%clk 00:48:42]} {[%emt 00:00:32]} Nd7 {[%clk 00:48:38]}
{[%emt 00:01:24]} 13. Nc3 {[%clk 00:47:08]} {[%emt 00:01:34]} g6 {[%clk
00:46:17]} {[%emt 00:02:31]} 14. O-O-O {[%clk 00:46:17]} {[%emt 00:00:57]} Bg7
{[%clk 00:45:22]} {[%emt 00:01:00]} 15. Nxg6 {[%clk 00:45:10]} {[%emt
00:00:47]} Nxg6 {[%clk 00:45:08]} {[%emt 00:00:44]} 16. Rhe1 {[%clk 00:44:20]}
{[%emt 00:00:41]} h6 {[%clk 00:44:33]} {[%emt 00:00:54]} 17. Bd2 {[%clk
00:43:42]} {[%emt 00:00:36]} O-O-O {[%clk 00:43:25]} {[%emt 00:01:21]} 18. f4
{[%clk 00:43:13]} {[%emt 00:00:33]} Bg4 {[%clk 00:41:52]} {[%emt 00:01:37]} 19.
Ne2 {[%clk 00:42:54]} {[%emt 00:00:20]} Rf8 {[%clk 00:40:51]} {[%emt 00:01:10]}
20. Bc3 {[%clk 00:39:19]} {[%emt 00:03:40]} Nxf4 {[%clk 00:38:33]} {[%emt
00:02:24]} 21. Rd2 {[%clk 00:37:54]} {[%emt 00:01:19]} Nxe2+ {[%clk 00:37:49]}
{[%emt 00:01:00]} 22. Rexe2 {[%clk 00:37:44]} {[%emt 00:00:11]} Bxe2 {[%clk
00:37:22]} {[%emt 00:00:38]} 23. Rxe2 {[%clk 00:37:47]} {[%emt 00:00:01]} Rf5
{[%clk 00:34:31]} {[%emt 00:03:17]} 24. d4 {[%clk 00:36:22]} {[%emt 00:01:23]}
Rg5 {[%clk 00:33:42]} {[%emt 00:01:00]} 25. f4 {[%clk 00:35:20]} {[%emt
00:00:43]} Rg1+ {[%emt 00:02:46]} 26. Kd2 {[%clk 00:35:15]} {[%emt 00:00:09]}
c5 {[%clk 00:30:49]} {[%emt 00:00:41]} 27. dxe5 {[%clk 00:34:41]} {[%emt
00:00:13]} Kd8 {[%clk 00:29:42]} {[%emt 00:01:39]} 28. e6 {[%clk 00:34:17]}
{[%emt 00:00:06]} Bxc3+ {[%clk 00:29:14]} {[%emt 00:00:56]} 29. bxc3 {[%clk
00:33:56]} {[%emt 00:00:17]} Nf6 {[%clk 00:28:44]} {[%emt 00:00:42]} 30. e7+
{[%clk 00:33:47]} {[%emt 00:00:08]} Ke8 {[%clk 00:28:46]} {[%emt 00:00:09]} 31.
Kd3 {[%clk 00:33:31]} {[%emt 00:00:23]} Nd5 {[%clk 00:28:23]} {[%emt 00:00:28]}
32. Re5 {[%clk 00:32:11]} {[%emt 00:01:18]} Nxe7 {[%clk 00:27:26]} {[%emt
00:01:08]} 33. Rxc5 {[%clk 00:31:46]} {[%emt 00:00:27]} Rd1+ {[%clk 00:25:33]}
{[%emt 00:02:01]} 34. Ke4 {[%clk 00:30:37]} {[%emt 00:00:22]} b6 {[%clk
00:24:48]} {[%emt 00:01:42]} 35. Re5 {[%clk 00:29:46]} {[%emt 00:00:39]} Rc1
{[%clk 00:24:11]} {[%emt 00:01:00]} 36. f5 {[%clk 00:29:24]} {[%emt 00:00:22]}
Kf7 {[%clk 00:22:28]} {[%emt 00:01:05]} 37. Re6 {[%clk 00:29:05]} {[%emt
00:01:03]} Re1+ {[%clk 00:22:00]} {[%emt 00:00:42]} 38. Kf4 {[%clk 00:28:27]}
{[%emt 00:00:23]} Rxe6 {[%clk 00:21:33]} {[%emt 00:00:52]} 39. fxe6+ Kxe6 40.
Kg4 {[%clk 00:27:49]} {[%emt 00:00:20]} Kf6 {[%clk 00:21:18]} {[%emt 00:00:26]}
41. Kh5 {[%clk 00:27:32]} {[%emt 00:00:13]} Nd5 {[%clk 00:21:09]} {[%emt
00:00:23]} 42. Kxh6 {[%clk 00:27:29]} {[%emt 00:00:07]} Nxc3 {[%clk 00:20:51]}
{[%emt 00:00:24]} 43. h4 {[%clk 00:27:14]} {[%emt 00:00:21]} Ne4 {[%clk
00:20:11]} {[%emt 00:00:44]} 44. h5 {[%clk 00:26:46]} {[%emt 00:00:31]} Ng3
{[%clk 00:19:56]} {[%emt 00:00:21]} 45. c4 {[%clk 00:26:13]} {[%emt 00:00:23]}
Ke5 {[%clk 00:20:00]} {[%emt 00:00:17]} 46. Kg6 {[%clk 00:26:12]} {[%emt
00:00:06]} Nxh5 {[%clk 00:19:34]} {[%emt 00:00:31]} 47. Kxh5 {[%clk 00:26:01]}
{[%emt 00:00:09]} Kd4 {[%clk 00:19:37]} {[%emt 00:00:09]} 48. Kg6 {[%emt
00:00:01]} Kxc4 {[%emt 00:00:07]} 49. Kf6 {[%clk 00:25:39]} {[%emt 00:00:17]}
a5 {[%clk 00:19:30]} {[%emt 00:00:14]} 50. Ke6 {[%clk 00:25:19]} {[%emt
00:00:26]} b5 {[%clk 00:19:19]} {[%emt 00:00:15]} 51. Ke5 {[%emt 00:00:05]} b4
{[%emt 00:00:13]} 52. Ke4 {[%emt 00:00:05]} a4 {[%emt 00:00:16]} 53. Ke3 {[%clk
00:24:10]} {[%emt 00:00:35]} Kc3 {[%clk 00:19:15]} {[%emt 00:00:08]} 54. Ke2
{[%clk 00:23:57]} {[%emt 00:00:18]} Kc2 {[%emt 00:00:27]} 55. Ke3 {[%clk
00:22:25]} {[%emt 00:01:09]} b3 {[%clk 00:19:18]} {[%emt 00:00:09]} 56. axb3
{[%emt 00:00:04]} axb3 {[%emt 00:00:08]} 57. Kd4 {[%clk 00:21:27]} {[%emt
00:00:49]} b2 {[%clk 00:19:15]} {[%emt 00:00:09]} 58. Ke5 {[%clk 00:21:20]}
{[%emt 00:00:04]} b1=Q {[%clk 00:18:50]} {[%emt 00:00:20]} 59. Kd5 {[%clk
00:21:15]} {[%emt 00:00:26]} Qb4 {[%clk 00:18:43]} {[%emt 00:00:15]} 60. Ke5
{[%emt 00:00:42]} Kd3 {[%emt 00:00:11]} 61. Kd5 {[%clk 00:19:49]} {[%emt
00:00:19]} Qb5+ {[%clk 00:18:21]} {[%emt 00:00:46]} 62. Kd6 {[%clk 00:19:15]}
{[%emt 00:00:33]} Kd4 {[%clk 00:18:21]} {[%emt 00:00:11]} 63. Ke6 {[%emt
00:00:03]} Qe5+ {[%emt 00:00:31]} 64. Kd7 {[%emt 00:00:45]} Kd5 {[%emt
00:00:10]} 65. Kd8 {[%emt 00:00:52]} Qg7 {[%emt 00:00:44]} 66. Kc8 {[%emt
00:00:03]} Kc6 {[%emt 00:00:10]} 67. Kd8 {[%emt 00:00:39]} Qd7# {[%emt
00:00:11]} 0-1

[Event "DVM U10 2023"]
[Site "Magdeburg GER"]
[Date "2023.12.27"]
[Round "1"]
[White "Wengler, Linus"]
[Black "Pascual, Noah"]
[Result "1-0"]
[Termination "normal"]
[Board "15.4"]
[WhiteElo "777"]
[BlackElo "778"]
[WhiteClock "00:38:44"]
[BlackClock "00:38:09"]
[WhiteTeam "Hamburger SK 1830"]
[BlackTeam "SC Ramstein-Miesenbach"]
[PlyCount "125"]
[EventCountry "GER"]
[EventRounds "7"]
[EventType "team-swiss"]
[EventDate "2023.12.27"]

1. e4 {[%clk 00:55:07]} {[%emt 00:00:02]} e5 {[%clk 00:55:09]} {[%emt
00:00:01]} 2. Nf3 {[%clk 00:55:04]} Nc6 {[%clk 00:55:12]} {[%emt 00:00:10]} 3.
Nc3 {[%clk 00:54:56]} Nf6 {[%clk 00:54:56]} {[%emt 00:00:35]} 4. Bc4 {[%clk
00:54:46]} Bc5 {[%clk 00:54:43]} {[%emt 00:00:32]} 5. O-O {[%clk 00:54:40]} Ng4
{[%clk 00:54:34]} {[%emt 00:00:25]} 6. d3 {[%clk 00:54:20]} Bxf2+ {[%clk
00:54:26]} {[%emt 00:00:39]} 7. Rxf2 {[%clk 00:54:13]} Nxf2 {[%clk 00:54:28]}
{[%emt 00:00:14]} 8. Kxf2 {[%clk 00:54:03]} O-O {[%clk 00:54:09]} {[%emt
00:00:39]} 9. Bg5 {[%clk 00:53:42]} Ne7 {[%clk 00:54:05]} {[%emt 00:00:35]} 10.
Nxe5 {[%clk 00:53:15]} {[%emt 00:00:32]} d6 {[%clk 00:53:53]} {[%emt 00:00:18]}
11. Nf3 {[%clk 00:53:00]} {[%emt 00:00:18]} Bg4 {[%clk 00:53:52]} {[%emt
00:00:08]} 12. Nd5 {[%clk 00:52:40]} {[%emt 00:00:25]} Bxf3 {[%clk 00:53:47]}
{[%emt 00:00:09]} 13. Qxf3 {[%clk 00:52:28]} {[%emt 00:00:17]} Re8 {[%emt
00:01:34]} 14. Qg3 {[%clk 00:51:55]} {[%emt 00:00:02]} h6 {[%clk 00:51:41]}
{[%emt 00:01:18]} 15. Bf6 {[%clk 00:51:22]} {[%emt 00:00:36]} g5 {[%clk
00:51:14]} {[%emt 00:00:35]} 16. Bxe7 {[%clk 00:51:12]} {[%emt 00:00:14]} Rxe7
{[%clk 00:51:16]} {[%emt 00:00:04]} 17. Nxe7+ {[%clk 00:50:58]} {[%emt
00:00:18]} Qxe7 {[%clk 00:51:10]} {[%emt 00:00:12]} 18. Bd5 {[%clk 00:50:16]}
{[%emt 00:00:46]} c6 {[%clk 00:51:04]} {[%emt 00:00:12]} 19. Bc4 {[%clk
00:49:56]} {[%emt 00:00:23]} Qf6+ {[%clk 00:50:58]} {[%emt 00:00:12]} 20. Qf3
{[%clk 00:49:41]} {[%emt 00:00:20]} Kg7 {[%clk 00:49:45]} {[%emt 00:01:19]} 21.
Qxf6+ {[%clk 00:49:21]} {[%emt 00:00:24]} Kxf6 {[%clk 00:49:48]} {[%emt
00:00:02]} 22. Rf1 {[%clk 00:48:56]} {[%emt 00:00:30]} Kg6 {[%clk 00:49:14]}
{[%emt 00:00:39]} 23. Ke2 {[%clk 00:48:46]} {[%emt 00:00:16]} f6 {[%clk
00:49:12]} {[%emt 00:00:07]} 24. Be6 {[%clk 00:48:18]} {[%emt 00:00:33]} Rd8
{[%clk 00:48:59]} {[%emt 00:00:18]} 25. Bf5+ {[%clk 00:48:01]} {[%emt
00:00:21]} Kf7 {[%clk 00:48:39]} {[%emt 00:00:26]} 26. Bg4 {[%clk 00:47:45]}
{[%emt 00:00:18]} h5 {[%clk 00:48:34]} {[%emt 00:00:11]} 27. Bxh5+ {[%clk
00:47:41]} {[%emt 00:00:11]} Kg7 {[%clk 00:47:25]} {[%emt 00:01:13]} 28. h3
{[%clk 00:46:56]} {[%emt 00:00:50]} d5 {[%clk 00:46:56]} {[%emt 00:00:35]} 29.
exd5 {[%clk 00:46:46]} {[%emt 00:00:16]} cxd5 {[%clk 00:46:57]} {[%emt
00:00:04]} 30. Kd2 {[%clk 00:46:34]} {[%emt 00:00:17]} b6 {[%clk 00:46:44]}
{[%emt 00:00:17]} 31. Re1 {[%clk 00:45:56]} {[%emt 00:00:42]} Kh6 {[%clk
00:46:14]} {[%emt 00:00:35]} 32. Bg4 {[%clk 00:45:51]} {[%emt 00:00:07]} Kg6
{[%clk 00:45:59]} {[%emt 00:00:23]} 33. Re7 {[%clk 00:45:38]} {[%emt 00:00:18]}
a5 {[%clk 00:45:42]} {[%emt 00:00:23]} 34. Rd7 {[%clk 00:45:21]} {[%emt
00:00:22]} Rxd7 {[%clk 00:44:56]} {[%emt 00:00:51]} 35. Bxd7 {[%clk 00:45:18]}
{[%emt 00:00:08]} d4 {[%clk 00:44:34]} {[%emt 00:00:27]} 36. g4 {[%clk
00:45:01]} {[%emt 00:00:21]} Kf7 {[%clk 00:44:28]} {[%emt 00:00:11]} 37. c3
{[%clk 00:44:54]} {[%emt 00:00:12]} dxc3+ {[%clk 00:44:26]} {[%emt 00:00:07]}
38. Kxc3 {[%clk 00:44:49]} {[%emt 00:00:09]} Ke7 {[%clk 00:44:14]} {[%emt
00:00:18]} 39. Bb5 {[%clk 00:44:39]} {[%emt 00:00:16]} Kd6 {[%clk 00:43:53]}
{[%emt 00:00:26]} 40. Ba4 {[%clk 00:44:08]} {[%emt 00:00:35]} Kc5 {[%clk
00:43:52]} {[%emt 00:00:06]} 41. d4+ {[%clk 00:43:53]} {[%emt 00:00:21]} Kd5
{[%clk 00:43:51]} {[%emt 00:00:06]} 42. a3 {[%clk 00:43:40]} {[%emt 00:00:18]}
Ke4 {[%clk 00:43:47]} {[%emt 00:00:08]} 43. b4 {[%clk 00:43:31]} {[%emt
00:00:15]} Kf3 {[%clk 00:43:43]} {[%emt 00:00:09]} 44. bxa5 {[%clk 00:43:01]}
{[%emt 00:00:34]} bxa5 {[%clk 00:43:46]} {[%emt 00:00:03]} 45. Bd7 {[%clk
00:42:46]} {[%emt 00:00:19]} Kg3 {[%clk 00:43:42]} {[%emt 00:00:09]} 46. d5
{[%clk 00:42:45]} {[%emt 00:00:07]} Kxh3 {[%clk 00:43:19]} {[%emt 00:00:27]}
47. d6 {[%clk 00:42:32]} {[%emt 00:00:19]} Kg3 {[%clk 00:43:19]} {[%emt
00:00:04]} 48. Bc8 {[%clk 00:42:24]} {[%emt 00:00:12]} Kf4 {[%clk 00:42:24]}
{[%emt 00:01:02]} 49. Kc4 {[%clk 00:42:18]} {[%emt 00:00:11]} Ke4 {[%clk
00:41:50]} {[%emt 00:00:38]} 50. d7 {[%clk 00:42:03]} {[%emt 00:00:21]} f5
{[%clk 00:41:54]} {[%emt 00:00:01]} 51. gxf5 {[%clk 00:41:50]} {[%emt
00:00:17]} g4 {[%clk 00:41:56]} {[%emt 00:00:04]} 52. d8=Q {[%clk 00:41:30]}
{[%emt 00:00:23]} g3 {[%clk 00:41:02]} {[%emt 00:01:00]} 53. Qe7 {[%clk
00:41:22]} {[%emt 00:00:13]} Kf4 {[%clk 00:40:42]} {[%emt 00:00:26]} 54. Qh4
{[%clk 00:41:15]} {[%emt 00:00:12]} Kf3 {[%clk 00:40:22]} {[%emt 00:00:25]} 55.
Bb7+ {[%clk 00:40:53]} {[%emt 00:00:27]} Kf2 {[%clk 00:40:25]} {[%emt
00:00:02]} 56. Qf4+ {[%clk 00:40:30]} {[%emt 00:00:28]} Ke2 {[%clk 00:40:15]}
{[%emt 00:00:15]} 57. Qxg3 {[%clk 00:40:15]} {[%emt 00:00:19]} Kd2 {[%clk
00:39:07]} {[%emt 00:01:14]} 58. f6 {[%clk 00:40:04]} {[%emt 00:00:16]} Kc2
{[%clk 00:39:06]} {[%emt 00:00:05]} 59. f7 {[%clk 00:40:00]} {[%emt 00:00:10]}
Kb2 {[%clk 00:38:46]} {[%emt 00:00:25]} 60. f8=R {[%clk 00:39:36]} {[%emt
00:00:27]} Ka2 {[%clk 00:38:17]} {[%emt 00:00:35]} 61. Rf1 {[%clk 00:39:09]}
{[%emt 00:00:31]} Kb2 {[%clk 00:38:11]} {[%emt 00:00:13]} 62. Rf2+ {[%clk
00:39:02]} {[%emt 00:00:11]} Kc1 {[%clk 00:38:09]} {[%emt 00:00:08]} 63. Qg1#
{[%clk 00:38:44]} {[%emt 00:00:16]} 1-0

[Event "DVM U10 2023"]
[Site "Magdeburg GER"]
[Date "2023.12.27"]
[Round "1"]
[White "Andersen, Jonathan"]
[Black "Balthasar, Johann"]
[Result "1-0"]
[Termination "normal"]
[Board "16.1"]
[WhiteElo "1488"]
[BlackElo "911"]
[WhiteClock "00:46:25"]
[BlackClock "00:36:28"]
[WhiteTeam "SK Johanneum Eppendorf"]
[BlackTeam "SC Turm Erfurt"]
[PlyCount "39"]
[WhiteFideId "34623884"]
[EventCountry "GER"]
[EventRounds "7"]
[EventType "team-swiss"]
[EventDate "2023.12.27"]

1. e4 {[%clk 00:55:07]} {[%emt 00:00:02]} c5 {[%clk 00:54:59]} {[%emt
00:00:12]} 2. Nf3 {[%clk 00:55:08]} {[%emt 00:00:04]} d6 {[%clk 00:54:44]}
{[%emt 00:00:20]} 3. d4 {[%clk 00:55:07]} {[%emt 00:00:06]} cxd4 {[%clk
00:54:40]} {[%emt 00:00:08]} 4. Nxd4 {[%clk 00:55:07]} {[%emt 00:00:06]} Nf6
{[%clk 00:54:11]} {[%emt 00:00:32]} 5. Nc3 {[%clk 00:55:06]} {[%emt 00:00:07]}
g6 {[%clk 00:53:40]} {[%emt 00:00:36]} 6. Be3 {[%clk 00:54:59]} {[%emt
00:00:13]} Bg7 {[%clk 00:52:52]} {[%emt 00:00:53]} 7. Qd2 {[%clk 00:54:32]}
{[%emt 00:00:32]} Ng4 {[%clk 00:52:29]} {[%emt 00:00:27]} 8. Bg5 {[%clk
00:51:07]} {[%emt 00:03:31]} Bd7 {[%clk 00:50:50]} {[%emt 00:01:43]} 9. f3
{[%clk 00:50:37]} {[%emt 00:00:36]} Nf6 {[%clk 00:48:57]} {[%emt 00:01:55]} 10.
O-O-O {[%clk 00:49:38]} {[%emt 00:01:07]} O-O {[%clk 00:48:20]} {[%emt
00:00:41]} 11. h4 {[%clk 00:49:36]} {[%emt 00:00:07]} Nc6 {[%clk 00:48:00]}
{[%emt 00:00:25]} 12. Nxc6 {[%clk 00:48:06]} {[%emt 00:01:35]} Bxc6 {[%clk
00:47:40]} {[%emt 00:00:23]} 13. Bxf6 {[%clk 00:48:06]} {[%emt 00:00:08]} Bxf6
{[%clk 00:46:39]} {[%emt 00:00:59]} 14. h5 {[%clk 00:48:10]} {[%emt 00:00:08]}
Bg7 {[%clk 00:43:31]} {[%emt 00:03:12]} 15. g4 {[%clk 00:47:00]} {[%emt
00:01:16]} Rb8 {[%clk 00:38:22]} {[%emt 00:05:14]} 16. hxg6 {[%clk 00:46:34]}
{[%emt 00:00:31]} fxg6 {[%clk 00:37:28]} {[%emt 00:00:18]} 17. Bc4+ {[%clk
00:46:26]} {[%emt 00:00:53]} Kh8 {[%clk 00:37:02]} {[%emt 00:00:30]} 18. Rxh7+
{[%clk 00:46:23]} {[%emt 00:00:09]} Kxh7 {[%clk 00:36:28]} {[%emt 00:00:31]}
19. Rh1+ {[%clk 00:46:25]} {[%emt 00:00:12]} Bh6 {[%emt 00:01:48]} 20. Qxh6#
{[%clk 00:46:25]} {[%emt 00:00:07]} 1-0